000 00600nam a22002177a 4500
003 OSt
005 20140310182222.0
008 130909t xxu||||| |||| 00| 0 eng d
020 _a9780316 602747
050 _aPZ 7
_b.Sh52823Val 2004
082 _aFIC
_bSh1c #6
100 _aShan, Darren
_917437
245 _aThe vampire prince.
_bDarren, Shan,
250 _a1st Ed.
260 _aNew York :
_bLittle Brown and Company,
_c2004.
300 _a197 p. :
_bill. ;
_c20 cm.
650 _aVampires
_xfiction
_917438
650 _aHorror stories.
_93825
942 _2lcc
_cFIC
999 _c10715
_d10715